All 10k+ Cities in Norway - Statistics

General Stats
  • This quiz has been taken 53 times
  • The average score is 32 of 112
Answer Stats
Hint Population Town/City County % Correct
O 728,714 Oslo
100%
B 294,860 Bergen Vestland
95%
T 218,460 Trondheim Trøndelag
91%
S 151,669 Stavanger Rogaland
84%
B 53,638 Bodø Nordlánnda
77%
K 119,287 Kristiansand Agder
77%
D 106,013 Drammen Buskerud
74%
H 20,087 Rogaland
72%
T 79,943 Tromsø Troms
72%
A 59,663 Ålesund Møre og Romsdal
63%
F 86,243 Fredrikstad Østfold
63%
S 56,906 Skien Telemark
60%
A 22,725 Ås Akershus
58%
B 133,288 Bærum Akershus
58%
L 29,669 Lillehammer Innlandet
58%
M 33,291 Molde Møre og Romsdal
58%
A 101,509 Asker Akershus
56%
L 96,711 Lillestrøm Akershus
56%
H 33,817 Hamar Innlandet
53%
S 60,614 Sarpsborg Østfold
53%
T 60,246 Tønsberg Vestfold
53%
K 24,479 Kristiansund Møre og Romsdal
51%
L 49,022 Larvik Vestfold
51%
N 21,647 Narvik Nordlánnda
51%
P 37,435 Porsgrunn Telemark
51%
S 67,062 Sandefjord Vestfold
51%
S 85,785 Sandnes Rogaland
49%
H 38,663 Haugesund Rogaland
47%
M 53,207 Moss Østfold
47%
A 46,603 Arendal Agder
44%
H 32,082 Halden Østfold
44%
A 22,074 Alta Finnmark
40%
G 31,350 Gjøvik Innlandet
40%
K 29,169 Kongsberg Buskerud
40%
H 11,391 Hammerfest Finnmark
37%
E 21,937 Elverum Innlandet
35%
G 25,569 Grimstad Agder
33%
H 28,173 Horten Vestfold
33%
N 24,948 Nes Akershus
33%
H 25,204 Hárstták Troms
30%
K 18,191 Kongsvinger Innlandet
30%
L 20,807 Levanger Trøndelag
30%
V 16,438 Voss Vestland
30%
L 51,511 Lørenskog Akershus
28%
N 15,112 Nåavmesjenjaelmie Trøndelag
28%
E 28,739 Eidsvoll Akershus
23%
N 26,032 Nittedal Akershus
23%
S 24,007 Steinkjer Trøndelag
23%
H 27,086 Holmestrand Vestfold
21%
K 10,378 Kragerø Telemark
21%
L 11,822 Lillesand Agder
21%
N 21,005 Nesodden Akershus
21%
N 13,389 Notodden Telemark
21%
A 30,600 Askøy Vestland
19%
I 10,006 Indre Fosen Trøndelag
19%
L 28,797 Lier Buskerud
19%
S 29,541 Sola Rogaland
19%
S 25,108 Stjørdal Trøndelag
19%
V 15,435 Verdal Trøndelag
19%
A 18,458 Aurskog-Høland Akershus
16%
I 47,943 Indre Østfold Østfold
16%
K 21,444 Klepp Rogaland
16%
N 16,662 Nannestad Akershus
16%
N 65,381 Nordre Follo Akershus
16%
R 20,904 Rælingen Akershus
16%
R 25,844 Rana Nordlánnda
16%
U 45,982 Ullensaker Akershus
16%
V 15,772 Vennesla Agder
16%
V 20,167 Vestby Akershus
16%
R 31,942 Ringerike Buskerud
14%
V 11,009 Volda Møre og Romsdal
14%
B 14,267 Bamble Telemark
12%
E 15,546 Eigersund Rogaland
12%
E 11,697 Enebakk Akershus
12%
F 27,743 Færder Vestfold
12%
F 16,429 Frogn Akershus
12%
K 43,990 Karmøy Rogaland
12%
L 10,922 Lyngdal Agder
12%
O 11,068 Ørsta Møre og Romsdal
12%
B 12,531 Bømlo Vestland
9%
G 13,689 Gran Innlandet
9%
L 23,702 Lindesnes Agder
9%
M 14,961 Malvik Trøndelag
9%
M 17,828 Melhus Trøndelag
9%
O 20,965 Øvre Eiker Buskerud
9%
O 40,641 Øygarden Vestland
9%
R 11,841 Randaberg Rogaland
9%
R 36,199 Ringsaker Innlandet
9%
S 14,946 Senja Troms
9%
S 12,552 Sogndal Vestland
9%
S 21,839 Stange Innlandet
9%
T 20,461 Time Rogaland
9%
M 14,776 Modum Buskerud
7%
S 10,748 Sortland Nordlánnda
7%
S 13,959 Strand Rogaland
7%
V 13,481 Vefsn Nordlánnda
7%
A 30,285 Alver Vestland
5%
B 26,753 Bjørnafjorden Vestland
5%
K 13,236 Kvinnherad Vestland
5%
M 11,157 Midt-Telemark Telemark
5%
O 18,840 Orkland Trøndelag
5%
O 10,706 Ørland Trøndelag
5%
S 19,276 Stord Vestland
5%
U 10,929 Ullensvang Vestland
5%
V 11,606 Vestvågøy Nordlánnda
5%
O 14,925 Østre Toten Innlandet
2%
S 22,804 Sunnfjord Vestland
2%
V 13,612 Vestre Toten Innlandet
2%
G 12,715 Gjesdal Rogaland
0%
H 13,538 Hustadvika Møre og Romsdal
0%
K 17,356 Kinn Vestland
0%
T 11,750 Tysvær Rogaland
0%
No matching quizzes found
Score Distribution
Percent of People with Each Score
Percentile by Number Answered
Your Score History
You have not taken this quiz